LEADER 00447nas 2200169z- 450 001 9910146096603321 011 0 $a0892-4627$l0892-4627$21 035 $a(CKB)1000000000745132 035 $a(EXLCZ)991000000000745132 100 $a20191120cuuuuuuuu -u- - 101 0 $aeng 200 00$aCommunique 210 $cIllinois Occupational Therapy Association 906 $aJOURNAL 912 $a9910146096603321 996 $aCommuniqué$9984542 997 $aUNINA